| 000 | 00489nam a22001577a 4500 | ||
|---|---|---|---|
| 999 |
_c524773 _d524773 |
||
| 003 | NUST | ||
| 038 | _aMr. Zahoor | ||
| 082 | _a621.3 | ||
| 100 |
_aSaman Cheema _915566 |
||
| 245 |
_aA Balanced Energy Adaptive Routing with Sector-based Node Selection in Underwater Wireless Sensor Networks / _cSaman Cheema |
||
| 260 |
_aIslamabad : _bCEME - NUST, _c2016. |
||
| 300 |
_a66 p. : ill. ; _c30 cm. |
||
| 500 | _aHardcover. | ||
| 600 | _2Electrical Engineering - MS Thesis | ||
| 942 |
_2ddc _cTHE |
||